000 00782nam a22001697a 4500
005 20250828142544.0
008 240829b ||||| |||| 00| 0 eng d
082 _aDPer 647.95 J826 January-December 2019 v. 22 n. 1-6
100 _aKhan, Mahmood A.
_eauthor.
_959331
245 _aChildren's menus in American restaurants :
_banalysis for sodium and calories /
_cMahmood A. Khan and Mohammed S. Sayed.
260 _aPhiladelphia ;
_bTaylor & Francis Group ,
_cSeptember-October 2019.
300 _aVolume 22, pages 401-412 :
_billustration ;
_c26 cm.
500 _aJournal of Foodservice Business Research, vol. 22, no. 5, pages 401-412, September-October 2019.
700 _aKhan, Mahmood A.
_eauthor.
_959331
700 _aSayed, Mohammed S.
_eauthor.
_959332
942 _2ddc
_cPER
999 _c21019
_d21019